| 000 | 00806nam a2200277Ia 4500 | ||
|---|---|---|---|
| 001 | 21691 | ||
| 005 | 20260320113304.0 | ||
| 008 | 260320s9999||||xx |||||||||||||| ||und|| | ||
| 020 | _a9786123330972 | ||
| 041 | _aESP | ||
| 082 |
_a346.3 _bD84 |
||
| 100 |
_a _e |
||
| 110 | _aDivisión de Estudios Jurídicos de Gaceta Jurídica | ||
| 245 | 0 |
_aProcesos judiciales derivados del derecho sucesorio _b |
|
| 246 |
_a _5 _b |
||
| 250 | _aPrimera edición | ||
| 260 |
_aLima : _bGaceta Jurídica _c2024 |
||
| 300 |
_a654 páginas : _b _c25 cm. _e |
||
| 440 |
_a _n _v |
||
| 650 | _aCIS | ||
| 653 | _aDerecho; Derecho civil; Derecho de sucesiones | ||
| 654 | _aDER | ||
| 700 |
_a _c |
||
| 856 |
_uhttps://app-vlex-com.ucsp.lookproxy.com/ _zVéase además: Base de datos Vlex |
||
| 942 |
_cLIB _dJUS _fMIP _2ddc _n |
||
| 999 |
_c21691 _d21691 |
||